000 01279cam a2200385 4500
999 _c24056
_d24056
001 vtls011919339
005 20251113121649.0
008 200221s2020 xo er 010 fdslo
020 _a9788022210966
_q(viazané)
040 _aTTKJF
_bslo
_cTTKJF
_dSNK
_erda
041 1 _aslo
_hger
044 _axo
_cSK
072 7 _a821.112.2-3
_xNemecká próza, nemecky písaná
_2konspekt
080 _a821.112.2-31
_22011
080 _a(0:82-312.4)
_22011
100 1 _aFitzek, Sebastian,
_d1971-
_4aut
_95293
240 1 0 _aAmokspiel
_lSlovensky
245 1 0 _aŠialená hra
_cSebastian Fitzek ; z nemeckého originálu Amokspiel ... preložila Linda Magáthová
250 _aVydanie I.
264 1 _aBratislava
_bTatran
_c2020
300 _a322 strán
_c22 cm
336 _atext
_btxt
_2rdacontent
337 _abez média
_bn
_2rdamedia
338 _azväzok
_bnc
_2rdacarrier
490 1 _aMimo zákona
_v22. zväzok
500 _aObsahuje biografické údaje o autorovi
500 _aPreložené z nemčiny
655 7 _anemecké romány
_2SNKPH
_92380
655 7 _atrilery (romány)
_2SNKPH
_92135
655 7 _aGerman fiction
_2SNKPHeng
_92379
655 7 _aThrillers (novels)
_2SNKPHeng
_91722
700 1 _aMagáthová, Linda
_4trl
_95295
958 _aLX
958 _aUP